Computing Archives for informatics and numerical computation = Archiv für Informatik und Numerik

Na minha lista:
Detalhes bibliográficos
Formato: Periódico
Idioma:inglês
Publicado em: Wien Springer 1981
Tags: Adicionar Tag
Sem tags, seja o primeiro a adicionar uma tag!

MARC

LEADER 00000nas2a22000001 4500
001 s123274
005 20250730114217.3
041 0 |a eng 
044 |a AT 
245 1 0 |a Computing  |b Archives for informatics and numerical computation = Archiv für Informatik und Numerik 
264 1 |a Wien  |b Springer  |c 1981 
300 |a 1 zv.  |e suppl. 
773 0 |w eu_un_cat*s120459